|
|
|
|
| LEADER |
00000nam a22000007i 4500 |
| 001 |
IT\ICCU\MOD\1724546 |
| 003 |
ItRI |
| 005 |
20260214113250.0 |
| 008 |
210622s2021 it |||||| |||||1|||||c |
| 020 |
|
|
|a 9788832734867
|
| 040 |
|
|
|b ita
|c GP
|
| 041 |
|
7 |
|a ita
|2 ISO-639-2
|
| 082 |
|
|
|a 741.5
|2 23
|
| 100 |
1 |
|
|a Macaione, Giulio
|0 IT\ICCU\UBOV\300337
|4 aut
|
| 240 |
1 |
0 |
|a Scirocco
|9 Macaione, Giulio
|
| 245 |
1 |
0 |
|a Scirocco /
|c Giulio Macaione.
|
| 260 |
|
|
|a Milano :
|b Bao,
|c 2021
|
| 300 |
|
|
|a 200 p. :
|b fumetti color. ;
|c 24 cm
|
| 942 |
|
|
|2 ddc
|c BK
|
| 952 |
|
|
|0 0
|1 0
|2 ddc
|4 0
|6 741_500000000000000_MAC
|7 0
|9 3745
|a RM
|b RM
|d 2025-04-09
|l 0
|o 741.5 MAC
|p 886
|r 2025-04-09 17:10:34
|w 2025-04-09
|y BK
|
| 952 |
|
|
|0 0
|1 0
|4 0
|6 F_741_594000000000000_MAC
|7 0
|9 19615
|a BO
|b BO
|d 2026-01-15
|i 19596
|l 0
|o F 741.594 MAC
|p BO19596
|r 2026-01-15 23:20:57
|w 2026-01-15
|x [Sebina 5] [1 v.]
|y BK
|z 1 v.
|
| 999 |
|
|
|c 2926
|d 2926
|